000 02155nam a2200325 i 4500
001 000039079
003 DO-SdBNP
005 20260415175501.0
007 ta
008 130520s1989 dr 000 0 spa d
040 _aDO-SdBNP
_bspa
_cBNPHU
_erda
041 _aspa
082 4 _a343.04
_bR823d
_222
100 1 _aRoss Bravo, Jaime,
_d1921-
_eautor
_4aut.
_936039
245 1 0 _aDerecho tributario sustantivo /
_cJaime Ross.
264 1 _aSanto Domingo :
_bInstituto de Capacitación Tributario,
_c1989.
300 _a368 páginas ;
_c22 cm.
336 _atexto
_btxt
_2rdacontent
337 _asin mediación
_bn
_2rdamedia
338 _avolumen
_bnc
_2rdacarrier
490 1 _aColección Manuales de Finanzas Públicas
_v18
500 _aMaterial de apoyo para los programas desarrollados por el Instituto de Capacitación Tributaria
505 0 _aNoción general de derecho tributario --
_tAutonomía del desarrollo tributario --
_tDivisión del derecho tributario --
_tFuentes directas y supletorias del derecho tributario --
_tCodificación del derecho tributario --
_tLa potestad tributaria --
_tCaracteres generales y obligatoriedad de la ley tributaria --
_tVigencia de la ley tributaria en el tiempo --
_tAplicación y extensión territorial de la ley tributaria --
_tInterpretación e integración de la ley tributaria --
_tNoción general de la obligación tributaria --
_tFuentes de la obligación tributaria --
_tGeneralidades del hecho generador de la obligación tributaria --
_tElementos del hecho generador --
_tEl objeto de la obligación tributaria --
_tLa causa de la obligación tributaria --
_tLos sujetos de la obligación tributaria
_tLa determinación o liquidación de la obligación tributaria --
_tModos de extinguir las obligaciones tributarias --
_tLa exención tributaria --
_tPrivilegios y garantías del crédito tributario --
_tApéndice.
590 _aInventariado, 2018/VM
650 0 _aImpuestos
_xLeyes y legislación
_99338
650 4 _aProcedimiento tributario
_98289
710 1 _aRepública Dominicana.
_bInstituto de Capacitación Tributaria (INCAT)
_935765
910 _aValidado. Control de calidad EMS
942 _2ddc
_cLBS1
999 _c38569
_d38569